[Event "IV Liga KPZSzach - Sezon 2016/2017"]
[Site "Wojewodztwo Kujawsko-Pomorskie"]
[Date "2017.??.??"]
[Round "8.1"]
[White "Noworacki, Kajetan"]
[Black "Malinski, Waldemar"]
[Result "0-1"]
[WhiteElo "1554"]
[BlackElo "1634"]
[PlyCount "88"]
[EventDate "2017.??.??"]

1. c4 e6 2. g3 b6 3. Bg2 Nc6 4. Nf3 Bb7 5. O-O Nf6 6. Nc3 Bb4 7. Qc2 h6 8. a3
Be7 9. e4 e5 10. Ne2 d6 11. b4 O-O 12. d3 Bc8 13. b5 Na5 14. d4 c5 15. dxe5 Be6
16. exf6 Bxf6 17. Rb1 Bxc4 18. Rd1 Qe7 19. Nf4 Rad8 20. Re1 Rfe8 21. Bd2 Be6
22. e5 dxe5 23. Nxe6 Qxe6 24. Bxa5 bxa5 25. Nd2 Rd4 26. Ne4 Rc4 27. Qd3 Rd4 28.
Qc3 Qb6 29. Qxc5 Rxe4 30. Qxb6 Rxe1+ 31. Rxe1 axb6 32. Rc1 Be7 33. a4 Bc5 34.
Rd1 f5 35. Bc6 Re7 36. Kg2 Kf7 37. h4 g5 38. hxg5 hxg5 39. Rd8 Kf6 40. Bd5 e4
41. Bc6 f4 42. g4 e3 43. fxe3 Rxe3 44. Rd5 Rg3+ 0-1

[Event "IV Liga KPZSzach - Sezon 2016/2017"]
[Site "Wojewodztwo Kujawsko-Pomorskie"]
[Date "2017.??.??"]
[Round "8.2"]
[White "Kozielski, Miroslaw"]
[Black "Dwojacki, Grzegorz"]
[Result "1-0"]
[WhiteElo "1735"]
[BlackElo "1576"]
[PlyCount "73"]
[EventDate "2017.??.??"]

1. d4 Nf6 2. c4 d6 3. Nc3 Nc6 4. e4 e5 5. d5 Ne7 6. Bd3 Ng6 7. Nge2 Nh4 8. O-O
Ng6 9. Ng3 Be7 10. f3 Nf4 11. Bc2 g6 12. Be3 O-O 13. Qd2 N6h5 14. Nxh5 Nxh5 15.
Bh6 Ng7 16. Rf2 Bh4 17. g3 Be7 18. Raf1 Bh3 19. Rc1 Bd7 20. Rcf1 Bh3 21. Re1
Bd7 22. Bd3 f6 23. f4 Rf7 24. f5 g5 25. Be2 Bf8 26. h4 gxh4 27. gxh4 Kh8 28.
Rg2 Qe7 29. Kh2 c6 30. Reg1 Bxf5 31. exf5 Qc7 32. Ne4 Qd7 33. dxc6 bxc6 34. Bh5
Qxf5 35. Bxf7 Qxe4 36. Bxg7+ Bxg7 37. Rg4 1-0

[Event "IV Liga KPZSzach - Sezon 2016/2017"]
[Site "Wojewodztwo Kujawsko-Pomorskie"]
[Date "2017.??.??"]
[Round "8.3"]
[White "Dwojacki, Jakub"]
[Black "Kulski, Edward"]
[Result "1-0"]
[WhiteElo "1605"]
[BlackElo "1289"]
[PlyCount "41"]
[EventDate "2017.??.??"]

1. e4 e5 2. Nf3 Nc6 3. Nc3 Nf6 4. d3 Bb4 5. Be3 O-O 6. a3 Be7 7. b4 a6 8. h3 d6
9. g3 b5 10. Bg2 Bd7 11. O-O Qc8 12. Kh2 Nd8 13. Ng1 c6 14. f4 Qc7 15. f5 Nb7
16. g4 Ne8 17. g5 f6 18. h4 Rd8 19. Qh5 g6 20. fxg6 Ng7 21. Qxh7# 1-0

[Event "IV Liga KPZSzach - Sezon 2016/2017"]
[Site "Wojewodztwo Kujawsko-Pomorskie"]
[Date "2017.??.??"]
[Round "8.6"]
[White "Katafiasz, Tomasz"]
[Black "Borkowska, Zuzanna"]
[Result "1-0"]
[WhiteElo "1889"]
[BlackElo "1559"]
[PlyCount "41"]
[EventDate "2017.??.??"]

1. d4 d5 2. c4 e6 3. Nf3 c5 4. cxd5 exd5 5. g3 Nc6 6. Bg2 Nf6 7. Nc3 Be7 8. O-O
O-O 9. dxc5 Bxc5 10. Bg5 Be6 11. Rc1 Bb6 12. b3 h6 13. Bxf6 Qxf6 14. Nxd5 Bxd5
15. Qxd5 Qb2 16. e3 Qxa2 17. Nh4 Rad8 18. Qf5 Qxb3 19. Be4 Rfe8 20. Qh7+ Kf8
21. Nf5 1-0

[Event "IV Liga KPZSzach - Sezon 2016/2017"]
[Site "Wojewodztwo Kujawsko-Pomorskie"]
[Date "2017.??.??"]
[Round "8.7"]
[White "Straszewski, Tomasz"]
[Black "Paliwoda, Borys"]
[Result "1/2-1/2"]
[WhiteElo "1575"]
[BlackElo "1843"]
[PlyCount "67"]
[EventDate "2017.??.??"]

1. c4 e5 2. Nc3 Bc5 3. Nf3 Nc6 4. e3 a6 5. Nxe5 Nxe5 6. d4 Bd6 7. c5 Bxc5 8.
dxc5 Nf6 9. b3 O-O 10. Bb2 d6 11. cxd6 Qxd6 12. Qxd6 cxd6 13. Rd1 Rd8 14. Be2
Be6 15. O-O Rac8 16. h3 Nc6 17. Ba3 d5 18. Na4 Nd7 19. f4 f5 20. Bf3 b5 21. Nc5
Nxc5 22. Bxc5 Ne5 23. Bd4 Nf7 24. Rc1 Nd6 25. Rfd1 Ne4 26. Kf1 Kf7 27. Ke2 g6
28. Bxe4 dxe4 29. Be5 Rxd1 30. Kxd1 a5 31. Rxc8 Bxc8 32. Bc7 a4 33. bxa4 bxa4
34. Bd6 1/2-1/2

[Event "IV Liga KPZSzach - Sezon 2016/2017"]
[Site "Wojewodztwo Kujawsko-Pomorskie"]
[Date "2017.??.??"]
[Round "8.8"]
[White "Sniadecki, Jerzy"]
[Black "Juszczak, Milosz"]
[Result "1-0"]
[WhiteElo "1687"]
[BlackElo "1279"]
[PlyCount "79"]
[EventDate "2017.??.??"]

1. e4 d5 2. exd5 Nf6 3. d4 Nxd5 4. Nf3 Bg4 5. Be2 e6 6. O-O c5 7. c4 Nf6 8. Be3
Nc6 9. dxc5 Qxd1 10. Bxd1 Ne4 11. h3 Bxf3 12. Bxf3 Nxc5 13. Nc3 Ne5 14. Be2
O-O-O 15. Rfd1 Be7 16. a3 a6 17. b4 Ncd3 18. c5 Bf6 19. Ne4 Be7 20. Ra2 Rd7 21.
Rad2 Rhd8 22. Bxd3 Rxd3 23. Rxd3 Rxd3 24. Rxd3 Nxd3 25. Kf1 f5 26. Nd2 e5 27.
Nc4 f4 28. Bd2 g5 29. Ke2 e4 30. f3 exf3+ 31. gxf3 Nxc5 32. bxc5 Bxc5 33. Bb4
Bd4 34. Be7 b5 35. Kd3 Bg7 36. Nd2 h6 37. Ne4 Kd7 38. Bb4 Kc6 39. Nc3 Kd7 40.
Ke4 1-0

[Event "IV Liga KPZSzach - Sezon 2016/2017"]
[Site "Wojewodztwo Kujawsko-Pomorskie"]
[Date "2017.??.??"]
[Round "8.9"]
[White "Dahms, Medard"]
[Black "Szymczak, Przemyslaw"]
[Result "0-1"]
[WhiteElo "1351"]
[BlackElo "1628"]
[PlyCount "80"]
[EventDate "2017.??.??"]

1. e4 e6 2. d4 d5 3. Nc3 Bb4 4. exd5 Qxd5 5. Nf3 Nf6 6. Bd2 Bxc3 7. Bxc3 O-O 8.
Bd3 b6 9. Qe2 Bb7 10. Bc4 Qe4 11. O-O-O Qxe2 12. Bxe2 Na6 13. h3 Ne4 14. Be1 c5
15. Rg1 Rad8 16. g4 cxd4 17. Nxd4 e5 18. Nf5 Nc7 19. h4 Ne6 20. Bf1 Rxd1+ 21.
Kxd1 Nf4 22. f3 Rd8+ 23. Kc1 Nc5 24. Rg3 Ba6 25. Bd2 Bxf1 26. Bxf4 exf4 27. Rg1
Be2 28. Ne7+ Kf8 29. Nc6 Rd7 30. Re1 Bxf3 31. Ne5 Re7 32. Nxf3 Rxe1+ 33. Nxe1
h6 34. Kd2 Ke7 35. Ke2 Kf6 36. Kf3 g5 37. h5 Nd7 38. Kg2 Ke5 39. Kf3 Kd5 40.
Kg2 Ne5 0-1

[Event "IV Liga KPZSzach - Sezon 2016/2017"]
[Site "Wojewodztwo Kujawsko-Pomorskie"]
[Date "2017.??.??"]
[Round "8.11"]
[White "Dolinski, Piotr"]
[Black "Starzynski, Pawel"]
[Result "1-0"]
[WhiteElo "1744"]
[BlackElo "1462"]
[PlyCount "75"]
[EventDate "2017.??.??"]

1. g3 Nf6 2. Bg2 d5 3. Nf3 e6 4. d4 c5 5. c4 dxc4 6. Qa4+ Bd7 7. Qxc4 Qb6 8.
Nc3 Be7 9. Be3 Qb4 10. Qd3 Nc6 11. Bd2 Qa5 12. Nd5 Nb4 13. Nxb4 cxb4 14. Ne5
Bb5 15. Qb3 Qa6 16. Bxb4 Bxb4+ 17. Qxb4 Nd5 18. Bxd5 exd5 19. O-O f6 20. Nd3
Bxd3 21. exd3 Kd7 22. Rac1 b6 23. Qb3 Kd6 24. Rc2 Rhc8 25. Re2 Re8 26. Rfe1
Rxe2 27. Rxe2 Qa5 28. a4 Kd7 29. Qd1 Qb4 30. Qf1 Re8 31. Qh3+ Kd8 32. Rxe8+
Kxe8 33. Qe6+ Kf8 34. Qxd5 Qxa4 35. Qd6+ Ke8 36. Qe6+ Kd8 37. Qg8+ Qe8 38. Qxg7
1-0

[Event "IV Liga KPZSzach - Sezon 2016/2017"]
[Site "Wojewodztwo Kujawsko-Pomorskie"]
[Date "2017.??.??"]
[Round "8.13"]
[White "Zmijewski, Bogumil"]
[Black "Gorny, Jacek"]
[Result "1-0"]
[WhiteElo "1819"]
[BlackElo "1493"]
[PlyCount "155"]
[EventDate "2017.??.??"]

1. d4 c6 2. Nf3 d5 3. c4 Nf6 4. e3 Bf5 5. Nc3 e6 6. Qb3 Qc7 7. Bd2 Nbd7 8. h3
Be7 9. a4 Ne4 10. Rc1 Nxd2 11. Nxd2 O-O 12. cxd5 cxd5 13. Be2 Qb6 14. O-O Bb4
15. Bb5 Bxc3 16. Qxc3 Nf6 17. Qc7 Qxc7 18. Rxc7 a6 19. Be2 Rab8 20. Rfc1 Ne8
21. R7c3 Nd6 22. f3 b5 23. axb5 axb5 24. b3 b4 25. Rc6 Nb5 26. Bxb5 Rxb5 27. e4
dxe4 28. fxe4 Bg6 29. R1c5 Rbb8 30. d5 exd5 31. exd5 Rfd8 32. d6 Kf8 33. Kf2 f6
34. Nf3 Be4 35. Ra6 Bd3 36. Rac6 Bb5 37. Rc7 Rxd6 38. Ra7 Rd7 39. Rxb5 Rxa7 40.
Rxb8+ Kf7 41. Rxb4 Ra2+ 42. Kg3 g5 43. h4 h6 44. hxg5 hxg5 45. Rb8 Rb2 46. b4
Rb3 47. Kg4 Rb2 48. g3 Kg6 49. Rb6 Rb3 50. Nd4 Rc3 51. Rc6 Rd3 52. Nf5 Rb3 53.
Ne7+ Kf7 54. Nd5 f5+ 55. Kxg5 Rxg3+ 56. Kxf5 Ke8 57. Ke6 Rg6+ 58. Nf6+ Kd8 59.
b5 Rg1 60. b6 Rb1 61. Kd6 Rb2 62. Nd5 Rb1 63. Rc7 Rb2 64. Rh7 Kc8 65. Kc6 Rc2+
66. Kb5 Rb2+ 67. Nb4 Rb1 68. Rc7+ Kb8 69. Rg7 Ka8 70. Ka6 Ra1+ 71. Kb5 Rb1 72.
Kc6 Rc1+ 73. Kd6 Rd1+ 74. Kc7 Rd7+ 75. Kxd7 Kb7 76. Nd5 Ka6 77. Kc8 Kb5 78. b7
1-0

[Event "IV Liga KPZSzach - Sezon 2016/2017"]
[Site "Wojewodztwo Kujawsko-Pomorskie"]
[Date "2017.??.??"]
[Round "8.14"]
[White "Gorny, Marek"]
[Black "Wrzos, Waldemar"]
[Result "1/2-1/2"]
[WhiteElo "1309"]
[BlackElo "1670"]
[PlyCount "64"]
[EventDate "2017.??.??"]

1. d4 d5 2. c4 e6 3. Nc3 Nf6 4. e3 c6 5. Bd3 Bd6 6. Nf3 O-O 7. O-O Nbd7 8. Re1
Bc7 9. e4 dxe4 10. Nxe4 Nxe4 11. Rxe4 Re8 12. Rh4 Nf8 13. Qc2 f5 14. Bg5 Qd7
15. Qb3 Qf7 16. Re1 h6 17. Bd2 Ng6 18. Rh3 e5 19. dxe5 Nxe5 20. Nxe5 Bxe5 21.
Rhe3 Qc7 22. Bc3 Bxh2+ 23. Kh1 Rxe3 24. Rxe3 Bf4 25. Re8+ Kf7 26. c5+ Kxe8 27.
Qg8+ Ke7 28. Qxg7+ Ke8 29. Qh8+ Ke7 30. Qf6+ Ke8 31. Qh8+ Ke7 32. Qf6+ Ke8
1/2-1/2

[Event "IV Liga KPZSzach - Sezon 2016/2017"]
[Site "Wojewodztwo Kujawsko-Pomorskie"]
[Date "2017.??.??"]
[Round "8.15"]
[White "Retman, Martyna"]
[Black "Paprocki, Franciszek"]
[Result "1/2-1/2"]
[WhiteElo "1181"]
[BlackElo "1056"]
[PlyCount "69"]
[EventDate "2017.??.??"]

1. e4 c5 2. Nf3 d6 3. c3 Nc6 4. d4 cxd4 5. cxd4 Nf6 6. Nc3 g6 7. a3 a6 8. Bd3
Bg4 9. h3 Bxf3 10. Qxf3 Nxd4 11. Qd1 Nc6 12. O-O Bg7 13. Bg5 O-O 14. Qd2 Ne5
15. Be2 Qc7 16. Rac1 Rac8 17. Bxf6 Bxf6 18. Nd5 Qd8 19. Nxf6+ exf6 20. Qf4 Rxc1
21. Rxc1 Kg7 22. Rd1 Qb6 23. b4 Rd8 24. Qd2 Qc6 25. Qd4 Qc2 26. Re1 Qb3 27. Qb6
Qc3 28. Rd1 Rd7 29. Rxd6 Rxd6 30. Qxd6 Qxa3 31. Qb6 Qc1+ 32. Bf1 Qc6 33. Qd4
Qd7 34. Qc3 Qc6 35. Qe3 1/2-1/2

[Event "IV Liga KPZSzach - Sezon 2016/2017"]
[Site "Wojewodztwo Kujawsko-Pomorskie"]
[Date "2017.??.??"]
[Round "8.16"]
[White "Kubicki, Mariusz"]
[Black "Musial, Adam"]
[Result "1/2-1/2"]
[WhiteElo "1689"]
[BlackElo "1747"]
[PlyCount "79"]
[EventDate "2017.??.??"]

1. e4 c6 2. d4 d5 3. exd5 cxd5 4. Nf3 Qc7 5. c3 Bg4 6. h3 Bh5 7. Be2 e6 8. Ne5
Bxe2 9. Qxe2 Nf6 10. Bf4 Bd6 11. Nd2 Nc6 12. O-O O-O 13. Bg3 a6 14. f4 g6 15.
Rf3 Ne7 16. Bh4 Nh5 17. Raf1 Nf5 18. Be1 Nhg7 19. g3 Rfe8 20. Ng4 Be7 21. Nb3
b6 22. Nc1 Rf8 23. Nd3 f6 24. Ne3 Bd6 25. Nxf5 exf5 26. Re3 Rfe8 27. Rff3 Qd7
28. a3 Rxe3 29. Rxe3 Re8 30. Kg2 Rxe3 31. Qxe3 Qe7 32. Qxe7 Bxe7 33. Nb4 Bxb4
34. axb4 b5 35. Kf3 Ne8 36. Ke3 Nd6 37. b3 Kf7 38. Kf3 g5 39. Ke3 Kg6 40. Kf3
1/2-1/2

[Event "IV Liga KPZSzach - Sezon 2016/2017"]
[Site "Wojewodztwo Kujawsko-Pomorskie"]
[Date "2017.??.??"]
[Round "8.17"]
[White "Rant, Izabela"]
[Black "Budrewicz, Jan"]
[Result "1-0"]
[WhiteElo "1791"]
[BlackElo "1837"]
[PlyCount "63"]
[EventDate "2017.??.??"]

1. d4 Nf6 2. c4 e6 3. Nc3 Bb4 4. Nf3 b6 5. e3 Bb7 6. Be2 O-O 7. O-O Re8 8. Qc2
Bxc3 9. bxc3 d6 10. Rd1 Nbd7 11. Rb1 Be4 12. Bd3 Bxf3 13. gxf3 c5 14. e4 e5 15.
Be3 Nf8 16. Bf1 Qc8 17. dxc5 dxc5 18. Rd6 Nh5 19. Qd2 Ng6 20. Rd1 Nhf4 21. Bxf4
Nxf4 22. Rd7 h6 23. Qd6 Qb8 24. Qd2 f6 25. h4 Rf8 26. Kh2 Qe8 27. Bh3 Qh5 28.
Rg1 g5 29. Rg4 Qe8 30. Rxf4 exf4 31. Qd5+ Rf7 32. Rxf7 1-0

[Event "IV Liga KPZSzach - Sezon 2016/2017"]
[Site "Wojewodztwo Kujawsko-Pomorskie"]
[Date "2017.??.??"]
[Round "8.18"]
[White "Bassa, Jaroslaw"]
[Black "Grodzicki, Tomasz"]
[Result "0-1"]
[WhiteElo "1667"]
[BlackElo "1730"]
[PlyCount "72"]
[EventDate "2017.??.??"]

1. d4 d5 2. Nf3 Bg4 3. Nbd2 Nf6 4. e3 e6 5. c4 c5 6. cxd5 exd5 7. Qa4+ Bd7 8.
Qc2 b6 9. Be2 Bd6 10. O-O O-O 11. Ne5 Nc6 12. Nxd7 Qxd7 13. Nf3 Nb4 14. Qb1
Rac8 15. a3 Nc6 16. b3 cxd4 17. exd4 Ne4 18. Bb2 Qg4 19. Qd3 Qf4 20. g3 Qh6 21.
Kg2 Ne7 22. Bc1 Qf6 23. Bb2 Nf5 24. Ne5 Rc7 25. Bg4 Rfc8 26. Bd1 Qg5 27. Kh1 h5
28. Nf3 Qf6 29. Ng1 h4 30. g4 Nh6 31. Qf3 Qg6 32. Qg2 Nxg4 33. Qxg4 Qf6 34. Nf3
Be7 35. Kg2 g5 36. Nxh4 Kg7 0-1

[Event "IV Liga KPZSzach - Sezon 2016/2017"]
[Site "Wojewodztwo Kujawsko-Pomorskie"]
[Date "2017.??.??"]
[Round "8.19"]
[White "Mikolajczak, Wojciech"]
[Black "Napierala, Slawomir"]
[Result "1-0"]
[WhiteElo "1769"]
[BlackElo "1687"]
[PlyCount "99"]
[EventDate "2017.??.??"]

1. c4 Nf6 2. Nc3 c5 3. g3 Nc6 4. Bg2 d6 5. d3 e6 6. Bf4 Be7 7. Nf3 O-O 8. O-O
a6 9. Rc1 h6 10. Qd2 Re8 11. Rfd1 Bf8 12. d4 Be7 13. dxc5 dxc5 14. Qxd8 Rxd8
15. Rxd8+ Nxd8 16. Rd1 Bd7 17. Ne5 Be8 18. b3 Rc8 19. Ne4 Nc6 20. Nxf6+ Bxf6
21. Nxc6 Bxc6 22. Bxc6 Rxc6 23. Rd6 Rc8 24. a4 e5 25. Be3 Rc7 26. Rd5 b6 27.
Rd6 Rb7 28. a5 bxa5 29. Rxa6 Rxb3 30. Rxa5 Rb2 31. Kf1 Kf8 32. Bxc5+ Ke8 33.
Bd6 Rc2 34. c5 Kd7 35. Ra7+ Ke6 36. Ke1 e4 37. Kd1 Rc4 38. e3 Bb2 39. Re7+ Kd5
40. Rxf7 Rc1+ 41. Kd2 Rh1 42. Rf5+ Kc6 43. h4 Ra1 44. Be5 Bxe5 45. Rxe5 Ra2+
46. Ke1 Ra1+ 47. Ke2 Ra2+ 48. Kf1 Rc2 49. Rxe4 Rxc5 50. Re7 1-0

[Event "IV Liga KPZSzach - Sezon 2016/2017"]
[Site "Wojewodztwo Kujawsko-Pomorskie"]
[Date "2017.??.??"]
[Round "8.21"]
[White "Augustowski, Janusz"]
[Black "Sargalski, Andrzej"]
[Result "1-0"]
[WhiteElo "1737"]
[BlackElo "1819"]
[PlyCount "55"]
[EventDate "2017.??.??"]

1. d4 Nf6 2. c4 d5 3. cxd5 Qxd5 4. Nc3 Qa5 5. Bd2 Qb6 6. Nf3 Bg4 7. e3 Nbd7 8.
Be2 e6 9. O-O c6 10. b4 Bd6 11. b5 Bxf3 12. gxf3 Qc7 13. bxc6 bxc6 14. Rc1 Nb6
15. Nb5 Bxh2+ 16. Kg2 Qd7 17. Qb3 O-O 18. Kxh2 cxb5 19. Bxb5 Qd6+ 20. Kg2 Rfc8
21. Qd3 Nbd5 22. a3 a6 23. Rxc8+ Rxc8 24. Bxa6 Ra8 25. Rc1 Nc7 26. Bb7 Rxa3 27.
Qb1 Qd8 28. Qb6 1-0

[Event "IV Liga KPZSzach - Sezon 2016/2017"]
[Site "Wojewodztwo Kujawsko-Pomorskie"]
[Date "2017.??.??"]
[Round "8.22"]
[White "Wyrzykowski, Jozef"]
[Black "Kaczynski, Maciej"]
[Result "1-0"]
[WhiteElo "1606"]
[BlackElo "1536"]
[PlyCount "165"]
[EventDate "2017.??.??"]

1. c4 c6 2. Nc3 e5 3. e4 Bb4 4. Nf3 f6 5. Qc2 Ne7 6. Be2 O-O 7. O-O a6 8. d4 d6
9. a3 Bxc3 10. Qxc3 b5 11. b4 Bb7 12. Bd3 Nd7 13. Bb2 Rc8 14. c5 d5 15. dxe5
dxe4 16. Bxe4 f5 17. Bb1 Nd5 18. Qd4 Qe7 19. Ba2 Rfe8 20. Rfe1 Nf8 21. Nh4 Qe6
22. Rad1 Rcd8 23. Nf3 h6 24. Qh4 g5 25. Qh5 Qg6 26. Qxg6+ Nxg6 27. e6 Nge7 28.
Ne5 Nf4 29. Nd7 Nfd5 30. Nf6+ Nxf6 31. Bxf6 Rxd1 32. Rxd1 Nd5 33. Bxd5 cxd5 34.
Re1 Kh7 35. e7 Bc8 36. c6 Kg6 37. Bd4 Kf7 38. Bc5 Be6 39. Bd6 f4 40. f3 Rc8 41.
Rc1 d4 42. c7 Bc4 43. Re1 Ke8 44. Re4 d3 45. Rd4 Kf7 46. Kf2 Ke6 47. Ke1 Rg8
48. h3 h5 49. e8=Q+ Rxe8 50. Re4+ Kxd6 51. Rxe8 Kxc7 52. Re5 g4 53. Rxh5 gxh3
54. Rxh3 Kd6 55. Rh5 Ke6 56. Kd2 Kf6 57. Rc5 Ke6 58. Rc6+ Ke5 59. Rxa6 Kd4 60.
a4 bxa4 61. Rxa4 Bb3 62. Ra5 Kc4 63. Rf5 Kxb4 64. Rxf4+ Bc4 65. Rf6 Kc5 66. g4
Kd5 67. Rf5+ Ke6 68. Rc5 Bd5 69. f4 Bf3 70. g5 Be2 71. Re5+ Kf7 72. Ra5 Kg6 73.
Ra6+ Kg7 74. f5 Bf1 75. Ra7+ Kg8 76. f6 Bg2 77. Kxd3 Kh8 78. f7 Kg7 79. Kd4 Bf3
80. Ke5 Bh5 81. f8=Q+ Kxf8 82. Kf6 Kg8 83. g6 1-0

[Event "IV Liga KPZSzach - Sezon 2016/2017"]
[Site "Wojewodztwo Kujawsko-Pomorskie"]
[Date "2017.??.??"]
[Round "8.23"]
[White "Muzalewski, Slawomir"]
[Black "Jahr, Ulrich"]
[Result "1/2-1/2"]
[WhiteElo "1330"]
[BlackElo "1577"]
[PlyCount "113"]
[EventDate "2017.??.??"]

1. e4 Nf6 2. Nc3 d5 3. e5 Nfd7 4. d4 e6 5. f4 c5 6. Nf3 Nc6 7. Be3 Be7 8. Be2
O-O 9. O-O a6 10. b3 cxd4 11. Nxd4 Qc7 12. Rf3 Ncxe5 13. fxe5 Nxe5 14. Rg3 Bh4
15. Rh3 Ng6 16. Qd3 Rd8 17. Rxh4 Nxh4 18. Bg5 f6 19. Bxh4 e5 20. Bg3 Qc5 21.
Bf2 exd4 22. Bxd4 Qd6 23. Qf3 Be6 24. Rf1 Rac8 25. Bd3 Qb4 26. Ne2 Qe7 27. Qh5
f5 28. Nf4 Qf7 29. Qxf7+ Bxf7 30. Bxf5 Rc6 31. Re1 g6 32. Bd3 Re8 33. Rxe8+
Bxe8 34. Nxd5 Kf7 35. Bc4 b5 36. Nb4+ bxc4 37. Nxc6 Bxc6 38. bxc4 Be4 39. c3
Ke6 40. g4 Bd3 41. c5 Kd5 42. Kf2 Bb5 43. Ke3 Bd7 44. g5 Bc6 45. h4 Bb5 46. Kf4
Bc6 47. Bh8 Bd7 48. c4+ Kxc5 49. Ke5 Kxc4 50. Kf6 Kb4 51. Kg7 Ka3 52. Kxh7 Bf5
53. Kh6 a5 54. h5 gxh5 55. Kxh5 Kxa2 56. g6 Bxg6+ 57. Kxg6 1/2-1/2

[Event "IV Liga KPZSzach - Sezon 2016/2017"]
[Site "Wojewodztwo Kujawsko-Pomorskie"]
[Date "2017.??.??"]
[Round "8.24"]
[White "Tobolski, Michal"]
[Black "Szarfemberg, Pawel"]
[Result "0-1"]
[WhiteElo "1579"]
[BlackElo "1523"]
[PlyCount "112"]
[EventDate "2017.??.??"]

1. e4 e5 2. Nf3 Nc6 3. c3 Nf6 4. Bc4 Be7 5. O-O d6 6. d4 exd4 7. Nxd4 O-O 8.
Nxc6 bxc6 9. Qc2 Re8 10. Bg5 h6 11. Bxf6 Bxf6 12. Nd2 Qe7 13. Rfe1 Be6 14. Bd3
d5 15. e5 Bg5 16. Nf3 c5 17. g3 Bg4 18. Nxg5 hxg5 19. Bf5 Bxf5 20. Qxf5 d4 21.
c4 Qe6 22. Qxe6 Rxe6 23. Rad1 a5 24. a4 Rb8 25. Rb1 Reb6 26. Re2 Rb4 27. b3
Rxc4 28. bxc4 Rxb1+ 29. Kg2 Rb4 30. e6 fxe6 31. Rxe6 Rxa4 32. Ra6 Rxc4 33. Rxa5
Rc1 34. Kf3 c4 35. Rc5 d3 36. Ke3 Re1+ 37. Kd2 Re2+ 38. Kd1 Rc2 39. Rxc7 c3 40.
Rd7 Rd2+ 41. Kc1 Kh7 42. f4 gxf4 43. gxf4 Kg6 44. Rd5 Kf6 45. h4 Ke6 46. Rd4
Kf5 47. h5 Kg4 48. h6 gxh6 49. Rc4 Rc2+ 50. Kd1 h5 51. Ra4 Rd2+ 52. Kc1 h4 53.
f5+ Kg3 54. f6 h3 55. f7 h2 56. Rg4+ Kxg4 0-1